Programming concepts and problem solving : an introduction to computer science using Pascal
Saved in:
| Main Author: | |
|---|---|
| Format: | Book |
| Language: | English |
| Published: |
Menlo Park, Calif :
The benjamin/Cummings,
1983
|
| Series: | Benjamin/Cummings series in computing and information sciences
|
| Subjects: | |
| Tags: |
Add Tag
No Tags, Be the first to tag this record!
|
MARC
| LEADER | 00000cam a2200000 i 4500 | ||
|---|---|---|---|
| 001 | 1/54133 | ||
| 008 | 960208s1983 eng d | ||
| 020 | |a 0805357106 | ||
| 035 | |l 10027635 | ||
| 040 | |a GR-MY-UA |b gre |e aacr | ||
| 041 | 0 | |a eng | |
| 082 | 0 | |a 005.1 | |
| 100 | 1 | |a Linz, Peter. | |
| 245 | 1 | 0 | |a Programming concepts and problem solving : |b an introduction to computer science using Pascal / |c Peter Linz |
| 260 | |a Menlo Park, Calif : |b The benjamin/Cummings, |c 1983 | ||
| 300 | |a xxii, 388 p. | ||
| 490 | 1 | |a Benjamin/Cummings series in computing and information sciences | |
| 650 | 0 | 0 | |a Programming (Computers) |
| 650 | 0 | 0 | |a Pascal (Computer program language) |
| 830 | 0 | |a Benjamin/Cummings series in computing and information sciences | |
| 852 | |a INST |b CHIOS |e 19960208 |h 005.1 LIN |p 005200002495 |q 005200002495 |t BK |y 13 | ||
| 909 | |a Χ |b 005049 | ||